000 00321nas a2200145 a 4500
001 71543
003 145621
005 20201118110938.0
008 ||||||n9999 ||| || ||
245 0 _aSintesis Economica - No.937
260 _c1994.
562 _e1
773 _016191
_aSintesis Economica
942 _cSISS
999 _c71543
_d71543